000 00399nam a2200169Ia 4500
001 11013
003 IN-NITTTR
005 20251114233103.0
008 251113s9999||||xx |||||||||||||| ||eng||
040 _beng
040 _cIN-NITTTR
041 _aeng
082 _a697.03 J639B
100 _aJohnson, W. H.
245 0 _aBeginner's guide to central heating. /
_cJohnson, W. H.
942 _2ddc
_cBK
999 _c13649
_d13649